00228nam a2200085Ia 4500001000800000005001700008008004100025245005000066260002600116125370020251031150958.0251031s9999 xx 000 0 und d 0cAYTÜL AKALaX-1 KİMİN YATAĞI UÇUYOR bUÇANBALIK YAYINLARI